British Models - Statistics

General Stats
  • This quiz has been taken 23 times
  • The average score is 3 of 25
Answer Stats
Answer % Correct
Kate Moss
91%
Naomi Campbell
68%
Abbey Clancy
27%
Lily Cole
27%
Jourdan Dunn
23%
Daisy Lowe
14%
Lara Stone
14%
Alexa Chung
9%
Cara Delevingne
9%
Georgia May Jagger
9%
Lottie Moss
9%
Rosie Huntington-Whitely
9%
Claudia Schiffer
5%
Edie Campbell
5%
Elizabeth Hurley
5%
Jean Shrimpton
5%
Leomie Anderson
5%
Lily Donaldson
5%
Alex Curran
0%
Coleen Rooney
0%
Danielle Lloyd
0%
Emilia Clarke
0%
Heather Stuart-Whyte
0%
Rosie Tapner
0%
Suki Waterhouse
0%
No matching quizzes found
Score Distribution
Percent of People with Each Score
Percentile by Number Answered
Your Score History
You have not taken this quiz